| 000 | 01080nam a2200217 i 4500 | ||
|---|---|---|---|
| 001 | 151343 | ||
| 003 | ES-MaACL | ||
| 005 | 20230906203954.0 | ||
| 008 | 990722s1756 fr a |||| | fre d | ||
| 040 |
_aLR _bspa _cLR |
||
| 110 | 2 |
_aAcadémie des inscriptions et belles-lettres (Francia) _91230 |
|
| 245 | 1 | 0 |
_aHistoire de l'Académie Royale des Inscriptions et Belles-Lettres _b: avec les Mémoirs de Littérature tirés des Registres de cette Académie, depuis l'année MDCCXLIX, jusques & compris l'année MDCCLI : tome vingt-troisiéme. |
| 260 |
_aA Paris : _bde l'Imprimerie Royale, _c1756. |
||
| 300 |
_a[8], 350, [2], 421 p., [11] h. de grab., [4] h. de grab. pleg. ; _c25 cm. |
||
| 505 | 8 | _a"Mémoires de Littérature ..." 421 p., con portadilla y sign. propias | |
| 597 | _aSign. : *4, A-Z4, 2A-2X4, A-Z4, 2A-2Z4, 3A-3F4, 3G3. | ||
| 597 | _aPort. con viñeta xil. | ||
| 599 | _aLas h. de grab son calc., en alguna de ellas "P.L. Charpentier Sc." | ||
| 700 | 1 |
_aCharpentier, P.L. _9126463 |
|
| 852 |
_aES-MaACL _jR-1298-1343 _z-- Enc. piel _x Olim: G-13300-45 |
||
| 999 |
_c151343 _d151343 |
||